الإحصائيات لـ أقرب البلدان إلى أندورا

أنقر هنا لكي تخضع للإختبار!

الإحصائيات العامة

  • هذا الإختبار تم الخضوع له 90 مره
  • الدرجة المتوسطة هي 11 من 20

إحصائيات الإجابة

كمبلد% صحيح
0فرنسا
97%
637البرتغال
86%
0إسبانيا
83%
718ألمانيا
81%
821بلجيكا
78%
485إيطاليا
74%
515سويسرا
72%
956هولندا
71%
867المغرب
62%
793النمسا
61%
637الجزائر
59%
832لوكسمبورغ
58%
474موناكو
57%
856تونس
51%
873سان مارينو
39%
880مدينة الفاتيكان
38%
904المملكة المتحدة
35%
988كرواتيا
16%
784ليختنشتاين
14%
996سلوفينيا
12%

توزيع النقاط

النسبة وفقا للأرقام

نسبة الأشخاص لكل درجة

سجل النقاط الخاصة بك

لم تضخع لهذا الإختبار